<?xml version='1.0' encoding='UTF-8'?>
  <record xmlns="http://www.loc.gov/MARC21/slim">
    <leader>00000cam a22000007i 4500</leader>
    <controlfield tag="001">ocm71704144</controlfield>
    <controlfield tag="003">OCoLC</controlfield>
    <controlfield tag="005">20240210061653.1</controlfield>
    <controlfield tag="008">060413s1557    gw a          000 0 ger d</controlfield>
    <datafield tag="040" ind1=" " ind2=" ">
      <subfield code="a">NLGGC</subfield>
      <subfield code="b">eng</subfield>
      <subfield code="e">rda</subfield>
      <subfield code="e">dcrmr</subfield>
      <subfield code="c">NLGGC</subfield>
      <subfield code="d">QGJ</subfield>
      <subfield code="d">OCLCO</subfield>
      <subfield code="d">OCLCL</subfield>
    </datafield>
    <datafield tag="029" ind1="0" ind2=" ">
      <subfield code="a">NLGGC</subfield>
      <subfield code="b">292949820</subfield>
    </datafield>
    <datafield tag="035" ind1=" " ind2=" ">
      <subfield code="a">(OCoLC)71704144</subfield>
    </datafield>
    <datafield tag="041" ind1="1" ind2=" ">
      <subfield code="a">ger</subfield>
      <subfield code="h">ita</subfield>
    </datafield>
    <datafield tag="100" ind1="1" ind2=" ">
      <subfield code="a">Giannotti, Donato,</subfield>
      <subfield code="d">1492-1573,</subfield>
      <subfield code="e">author.</subfield>
      <subfield code="4">aut</subfield>
      <subfield code="1">https://id.oclc.org/worldcat/entity/E39PBJbGTtvXffxXFF7DvcKw4q</subfield>
    </datafield>
    <datafield tag="240" ind1="1" ind2="0">
      <subfield code="a">Libro della republica de Vinitiani.</subfield>
      <subfield code="l">German</subfield>
    </datafield>
    <datafield tag="245" ind1="1" ind2="0">
      <subfield code="a">Respublica Venetum. Der grossen Commun, der Statt Venedig, vrsprung, erbawung vnd aufnemung. Jrer Herrschafft, erweiterung, Regiment,Ordnung vnnd Rüstung, Auch einkommens, vnnd ausgebens. Vnnd wie Sy sich vndereinander von jrem anfang biß auf dise vnser zeit, vnzertailt, inn ainigkait, erhalten haben, vnnd noch erhalten. /</subfield>
      <subfield code="c">Aus Jtalianischer sprach verteutscht.</subfield>
    </datafield>
    <datafield tag="246" ind1="3" ind2=" ">
      <subfield code="a">Respvblica Venetvm. Der grossen Commun, der Statt Venedig, vrsprung, erbawung vnd aufnemung, Jrer Herrschaft, erweiterung, Regiment, Ordnung unnd Rüstung, Auch einkommens vnnd ausgebens, Vnnd wie Sy sich vndereinander von jrem anfang biß auf dise vnser zeit, vnzertailt, inn ainigkeit, erhalten haben, vnnd noch erhalten</subfield>
    </datafield>
    <datafield tag="246" ind1="3" ind2=" ">
      <subfield code="a">Respublica Venetum. Der grossen Commun, der Statt Venedig, ursprung, erbawung und aufnemung, Irer Herrschaft, erweiterung, Regiment, Ordnung unnd Rüstung, Auch einkommens unnd ausgebens, Unnd wie Sy sich undereinander von jrem anfang biß auf dise unser zeit, unzertailt, inn ainigkeit, erhalten haben, unnd noch erhalten</subfield>
    </datafield>
    <datafield tag="246" ind1="3" ind2=" ">
      <subfield code="a">Res publica Venetum</subfield>
    </datafield>
    <datafield tag="264" ind1=" " ind2="1">
      <subfield code="a">Zu Neuburg an der Thunaw Gedruckt, :</subfield>
      <subfield code="b">inn Hansen Kilians, Churfurstlichen Secretarij Druckereye,</subfield>
      <subfield code="c">Anno M. D. LVII. [1557]</subfield>
    </datafield>
    <datafield tag="300" ind1=" " ind2=" ">
      <subfield code="a">[168] pages :</subfield>
      <subfield code="b">illustrations ;</subfield>
      <subfield code="c">31 cm (folio)</subfield>
    </datafield>
    <datafield tag="336" ind1=" " ind2=" ">
      <subfield code="a">text</subfield>
      <subfield code="b">txt</subfield>
      <subfield code="2">rdacontent</subfield>
    </datafield>
    <datafield tag="337" ind1=" " ind2=" ">
      <subfield code="a">unmediated</subfield>
      <subfield code="b">n</subfield>
      <subfield code="2">rdamedia</subfield>
    </datafield>
    <datafield tag="338" ind1=" " ind2=" ">
      <subfield code="a">volume</subfield>
      <subfield code="b">nc</subfield>
      <subfield code="2">rdacarrier</subfield>
    </datafield>
    <datafield tag="340" ind1=" " ind2=" ">
      <subfield code="m">folio</subfield>
      <subfield code="2">rdabf</subfield>
    </datafield>
    <datafield tag="500" ind1=" " ind2=" ">
      <subfield code="a">By Donato Giannotti.</subfield>
    </datafield>
    <datafield tag="500" ind1=" " ind2=" ">
      <subfield code="a">Publication statement from colophon.</subfield>
    </datafield>
    <datafield tag="500" ind1=" " ind2=" ">
      <subfield code="a">Signatures: A⁶ ²A⁶ B-N⁶; N5v and N6 are blank.</subfield>
    </datafield>
    <datafield tag="500" ind1=" " ind2=" ">
      <subfield code="a">Bird's eye view map of Venice on title page.</subfield>
    </datafield>
    <datafield tag="500" ind1=" " ind2=" ">
      <subfield code="a">There also exists a variant edition with imprint on title page: Neuburgi Danubij. Anno M.D.LVII. [=VD16 ZV 21376]</subfield>
    </datafield>
    <datafield tag="510" ind1="4" ind2=" ">
      <subfield code="a">Verzeichnis der im deutschen Sprachbereich erschienenen Drucke des 16. Jahrhunderts (VD 16),</subfield>
      <subfield code="c">G 1952</subfield>
    </datafield>
    <datafield tag="651" ind1=" " ind2="0">
      <subfield code="a">Venice (Italy)</subfield>
      <subfield code="x">History.</subfield>
    </datafield>
    <datafield tag="651" ind1=" " ind2="6">
      <subfield code="a">Venise (Italie)</subfield>
      <subfield code="x">Histoire.</subfield>
    </datafield>
    <datafield tag="651" ind1=" " ind2="7">
      <subfield code="a">Italy</subfield>
      <subfield code="z">Venice</subfield>
      <subfield code="2">fast</subfield>
      <subfield code="1">https://id.oclc.org/worldcat/entity/E39PBJdrJByRtHVPkRH39fYByd</subfield>
    </datafield>
    <datafield tag="655" ind1=" " ind2="7">
      <subfield code="a">History</subfield>
      <subfield code="2">fast</subfield>
    </datafield>
    <datafield tag="700" ind1="0" ind2=" ">
      <subfield code="a">Otto Heinrich,</subfield>
      <subfield code="c">Elector of the Palatinate,</subfield>
      <subfield code="d">1502-1559,</subfield>
      <subfield code="e">dedicatee.</subfield>
      <subfield code="4">dte</subfield>
      <subfield code="1">https://id.oclc.org/worldcat/entity/E39PBJkMPMxCJCbthDWCFHwt8C</subfield>
    </datafield>
    <datafield tag="700" ind1="1" ind2=" ">
      <subfield code="a">Kilian, Hans,</subfield>
      <subfield code="e">printer.</subfield>
      <subfield code="4">prt</subfield>
    </datafield>
    <datafield tag="752" ind1=" " ind2=" ">
      <subfield code="a">Germany</subfield>
      <subfield code="d">Neuberg an der Donau,</subfield>
      <subfield code="e">publication place.</subfield>
      <subfield code="4">pup</subfield>
    </datafield>
    <datafield tag="758" ind1=" " ind2=" ">
      <subfield code="i">has work:</subfield>
      <subfield code="a">Respublica Venetum, der grossen Commun der Statt Venedig ursprung, erbawung und aufnemung, Ihrer Herrschaft, Erweiterung, Regiment, Ordnung unnd Rüstung, auch einkommens unnd ausgebens, unnd wie Sy sich undereinander von irem anfang biss auf dise unser zeit, unzertailt, inn ainigkeit, erhalten haben, unnd noch erhalten (Text)</subfield>
      <subfield code="1">https://id.oclc.org/worldcat/entity/E39PD3yfrX9Qttd4w7X67W4HFq</subfield>
      <subfield code="4">https://id.oclc.org/worldcat/ontology/hasWork</subfield>
    </datafield>
  </record>